[Event "Rheinland Pfalz op 11th"]
[Site "Weilerbach"]
[Date "2019.06.20"]
[Round "1"]
[White "Saar, Thomas"]
[Black "Kathstede, Gerd"]
[Result "0-1"]
[WhiteElo "1513"]
[BlackElo "1998"]
[PlyCount "74"]
[EventDate "2019.06.20"]
[EventType "swiss"]
[EventRounds "7"]
[EventCountry "GER"]
[SourceTitle "CBM 191 Extra"]
[Source "ChessBase"]
[SourceDate "2019.09.30"]
[SourceVersion "1"]
[SourceVersionDate "2019.09.30"]
[SourceQuality "1"]

1. e4 c5 2. Nf3 d6 3. Bb5+ Bd7 4. Bxd7+ Qxd7 5. c4 Nc6 6. d4 cxd4 7. Nxd4 Nf6 8. Nc3 g6 9. 0-0 Bg7 10. Nc2 0-0 11. Qe2 Rac8 12. Rd1 Qe6 13. f3 Na5 14. Nd4 Qxc4 15. Qxc4 Nxc4 16. b3 Nb6 17. Nde2 d5 18. Bb2 dxe4 19. Nxe4 Nxe4 20. Bxg7 Kxg7 21. fxe4 Rfd8 22. Rxd8 Rxd8 23. Rc1 Rd2 24. Nc3 Kf6 25. Rf1+ Ke6 26. Rf3 f6 27. Kf1 Ke5 28. Rh3 h5 29. Rg3 g5 30. Rf3 e6 31. a3 Nd7 32. b4 a6 33. Ne2 h4 34. Re3 Nb6 35. Rc3 Kxe4 36. Rc7 Nd5 37. Rxb7 Ke3 0-1

[Event "Mittelrhein Regionalliga 18/19"]
[Site "Nordrheinwestfalen"]
[Date "2018.12.16"]
[Round "5.6"]
[White "Kathstede, Gerd"]
[Black "Peters, Alex"]
[Result "1/2-1/2"]
[WhiteElo "1920"]
[BlackElo "2131"]
[PlyCount "108"]
[EventDate "2018.10.28"]
[EventType "team-tourn"]
[EventRounds "11"]
[EventCountry "GER"]
[SourceTitle "EXT 2022"]
[Source "ChessBase"]
[SourceDate "2021.10.06"]
[SourceVersion "1"]
[SourceVersionDate "2021.10.06"]
[SourceQuality "1"]
[WhiteTeam "Aachen DJK Aufwärts III"]
[BlackTeam "Bruehl"]
[WhiteTeamCountry "GER"]
[BlackTeamCountry "GER"]

1. e4 Nf6 2. e5 Nd5 3. d4 d6 4. c4 Nb6 5. exd6 exd6 6. Nc3 Nc6 7. Be3 Be7 8. Rc1 Bf6 9. d5 Ne5 10. b3 0-0 11. Be2 Re8 12. Qd2 Bg4 13. h3 Bd7 14. Nf3 Nxf3+ 15. Bxf3 Bg5 16. Nd1 Bxe3 17. Nxe3 Qg5 18. Qd4 h6 19. h4 Qg6 20. 0-0 Bf5 21. Nxf5 Qxf5 22. Rfe1 Rad8 23. Re3 Rxe3 24. Qxe3 Qf6 25. h5 a6 26. c5 dxc5 27. Rxc5 Qd6 28. Qc3 Rd7 29. a4 f5 30. a5 Nc8 31. b4 Qe7 32. b5 axb5 33. Rxb5 Nd6 34. Rb1 Qf7 35. Qb4 Re7 36. Re1 Qe8 37. Rxe7 Qxe7 38. Kf1 Qe5 39. g3 Qe7 40. Qc5 Kf8 41. Qa7 Qd7 42. Kg2 Kf7 43. Qa8 Qb5 44. Qa7 Qa6 45. Qc5 Qc4 46. Qa7 Qb4 47. Qa8 Qc5 48. a6 bxa6 49. Qxa6 Qb5 50. Qa1 Qd7 51. Qc3 Qe7 52. Qc6 Kf8 53. Qa8+ Qe8 54. Qa7 Qd7 1/2-1/2

[Event "Rheinland Pfalz op 10th"]
[Site "Nickenich"]
[Date "2018.06.01"]
[Round "4"]
[White "Roj, Michaela"]
[Black "Kathstede, Gerd"]
[Result "1/2-1/2"]
[WhiteElo "1846"]
[BlackElo "2014"]
[PlyCount "36"]
[EventDate "2018.05.31"]
[EventType "swiss"]
[EventRounds "7"]
[EventCountry "GER"]
[SourceTitle "EXT 2019"]
[Source "ChessBase"]
[SourceDate "2018.10.10"]
[SourceVersion "1"]
[SourceVersionDate "2018.10.10"]
[SourceQuality "1"]

1. e4 c5 2. Nf3 d6 3. d4 cxd4 4. Nxd4 Nf6 5. Nc3 Nc6 6. Be2 g6 7. Be3 Bg7 8. 0-0 0-0 9. Nb3 Bd7 10. f4 Rc8 11. h3 a6 12. Qd2 Qc7 13. Rad1 Rfd8 14. g4 Kh8 15. Kg2 Na5 16. Nxa5 Qxa5 17. Qe1 Bc6 18. Bf3 Qb4 1/2-1/2

[Event "Rheinland Pfalz op 10th"]
[Site "Nickenich"]
[Date "2018.05.31"]
[Round "1"]
[White "Kathstede, Gerd"]
[Black "Zimmer, Elmar"]
[Result "1-0"]
[WhiteElo "2014"]
[BlackElo "1571"]
[PlyCount "51"]
[EventDate "2018.05.31"]
[EventType "swiss"]
[EventRounds "7"]
[EventCountry "GER"]
[SourceTitle "CBM 184 Extra"]
[Source "ChessBase"]
[SourceDate "2018.06.28"]
[SourceVersion "1"]
[SourceVersionDate "2018.06.28"]
[SourceQuality "1"]

1. e4 e5 2. Nf3 Nf6 3. Nxe5 d6 4. Nf3 Nxe4 5. d4 d5 6. Bd3 Nc6 7. Be3 Bg4 8. h3 Bh5 9. 0-0 Be7 10. c4 Nb4 11. Be2 0-0 12. a3 Nc6 13. Nc3 Nxc3 14. bxc3 dxc4 15. Bxc4 a6 16. a4 Rc8 17. Be2 h6 18. Rb1 Na5 19. Re1 Bg6 20. Rb2 f5 21. Bf4 Bf7 22. Ne5 Ba3 23. Nxf7 Rxf7 24. Rb1 c6 25. Qc2 Rd7 26. Qa2+ 1-0

[Event "Mittelrhein Regionalliga 1718"]
[Site "Nordrheinwestfalen"]
[Date "2017.11.12"]
[Round "3.7"]
[White "Meyer, Mario"]
[Black "Kathstede, Gerd"]
[Result "1-0"]
[WhiteElo "2036"]
[BlackElo "1954"]
[PlyCount "75"]
[EventDate "2017.09.10"]
[EventType "team-tourn"]
[EventRounds "9"]
[EventCountry "GER"]
[SourceTitle "EXT 2022"]
[Source "ChessBase"]
[SourceDate "2021.10.06"]
[SourceVersion "1"]
[SourceVersionDate "2021.10.06"]
[SourceQuality "1"]
[WhiteTeam "Aachen SV II"]
[BlackTeam "Aachen DJK Aufwärts III"]
[WhiteTeamCountry "GER"]
[BlackTeamCountry "GER"]

1. e4 c5 2. d4 cxd4 3. c3 d5 4. exd5 Nf6 5. Qa4+ Nbd7 6. Qxd4 Nb6 7. c4 e6 8. Nf3 exd5 9. c5 Nbd7 10. Bb5 Be7 11. 0-0 0-0 12. c6 Bc5 13. Qd3 Nb6 14. Qc2 Qd6 15. Bg5 Ne4 16. Bd3 f5 17. Nbd2 Qxc6 18. Rac1 Nxg5 19. Nxg5 Be7 20. Ngf3 Qf6 21. Nb3 Bd7 22. Qd2 Rac8 23. Nfd4 Bd6 24. Qe3 f4 25. Qf3 Be5 26. Rcd1 Kh8 27. Bb1 Qg5 28. Rfe1 Bd6 29. Ne6 Bxe6 30. Rxe6 Bb8 31. Qh3 h6 32. Rg6 Qe7 33. Nd4 Be5 34. Nf5 Qf7 35. Nxh6 gxh6 36. Qxh6+ Qh7 37. Rg8+ Kxg8 38. Qxh7# 1-0

[Event "Lille Luce op 5th"]
[Site "Lille"]
[Date "2014.05.03"]
[Round "8"]
[White "Kathstede, Gerd"]
[Black "Dupont, Arthur"]
[Result "1/2-1/2"]
[WhiteElo "2120"]
[BlackElo "1929"]
[PlyCount "80"]
[EventDate "2014.04.28"]
[EventType "swiss"]
[EventRounds "9"]
[EventCountry "FRA"]
[SourceTitle "CBM 160 Extra"]
[Source "ChessBase"]
[SourceDate "2014.07.01"]
[SourceVersion "1"]
[SourceVersionDate "2014.07.01"]
[SourceQuality "1"]

1. e4 d6 2. d4 g6 3. Nf3 Bg7 4. Nc3 c6 5. Be3 Nd7 6. Qd2 b5 7. Bd3 Qc7 8. 0-0 Ngf6 9. Bh6 0-0 10. Rae1 e5 11. Bxg7 Kxg7 12. Ne2 Nb6 13. dxe5 dxe5 14. Qc3 c5 15. Ng3 c4 16. b3 b4 17. Qxb4 cxd3 18. cxd3 Re8 19. Rc1 Qe7 20. Qa5 Bg4 21. Nh4 Nh5 22. Nxh5+ Bxh5 23. g3 Be2 24. Rfe1 Bxd3 25. Rc3 Qd7 26. a4 f5 27. exf5 Bxf5 28. Nxf5+ Qxf5 29. Rc7+ Kh8 30. Rxa7 Rxa7 31. Qxa7 Nd7 32. a5 e4 33. Rc1 e3 34. fxe3 Rf8 35. Qd4+ Ne5 36. e4 Qf6 37. Qe3 Ng4 38. Qc3 Ne5 39. Qe3 Ng4 40. Qc3 Ne5 1/2-1/2

[Event "Rostock op"]
[Site "Rostock"]
[Date "2009.08.29"]
[Round "6"]
[White "Kathstede, Gerd"]
[Black "Tomczak, Jacek"]
[Result "0-1"]
[WhiteElo "2147"]
[BlackElo "2447"]
[PlyCount "62"]
[EventDate "2009.08.27"]
[EventType "swiss"]
[EventRounds "7"]
[EventCountry "GER"]
[SourceTitle "CBM 132 Extra"]
[Source "ChessBase"]
[SourceDate "2009.11.03"]
[SourceVersion "1"]
[SourceVersionDate "2009.11.03"]
[SourceQuality "1"]

1. e4 d5 2. exd5 Qxd5 3. Nc3 Qd6 4. d4 Nf6 5. Nge2 Bg4 6. f3 Bf5 7. Ng3 Bg6 8. Be3 Nc6 9. Qd2 0-0-0 10. 0-0-0 Qb4 11. a3 Qa5 12. Nce4 Qxd2+ 13. Rxd2 Nd5 14. Bf2 a6 15. Bc4 e6 16. h4 Be7 17. Ne2 h6 18. N4c3 Nb6 19. Bd3 Bxd3 20. Rxd3 Nc4 21. d5 exd5 22. Nxd5 Bd6 23. Rhd1 Rhe8 24. Nec3 f5 25. Re1 Rxe1+ 26. Bxe1 N6e5 27. Rd1 c6 28. Nb4 Ne3 29. Rd2 Bxb4 30. axb4 Rxd2 31. Kxd2 Nxg2 0-1

[Event "Ruhrgebiet VK2 0405"]
[Site "Ruhrgebiet"]
[Date "2005.03.13"]
[Round "8.8"]
[White "Kathstede, Gerd"]
[Black "Kloke, Axel"]
[Result "1-0"]
[WhiteElo "1877"]
[BlackElo "1673"]
[PlyCount "159"]
[EventDate "2004.09.12"]
[EventType "team"]
[EventRounds "9"]
[EventCountry "GER"]
[SourceTitle "EXT 2006"]
[Source "ChessBase"]
[SourceDate "2005.11.24"]
[SourceVersion "1"]
[SourceVersionDate "2005.11.24"]
[SourceQuality "1"]
[WhiteTeam "Hervest Dorsten"]
[BlackTeam "Ickern"]
[WhiteTeamCountry "GER"]
[BlackTeamCountry "GER"]

1. e4 e6 2. d4 d5 3. e5 c5 4. c3 cxd4 5. cxd4 Nc6 6. Nf3 Nge7 7. Na3 Qb6 8. Be2 Nf5 9. Nc2 Nb4 10. Nxb4 Bxb4+ 11. Bd2 Bd7 12. Bxb4 Qxb4+ 13. Qd2 Qxd2+ 14. Kxd2 Ke7 15. Rhc1 Rac8 16. Bd3 Nh6 17. h3 f6 18. Rxc8 Bxc8 19. Rc1 Kd8 20. Ke3 Nf7 21. a3 Bd7 22. b4 a6 23. h4 Ba4 24. g4 Kd7 25. Ke2 Bc6 26. Re1 h6 27. Bg6 Ke7 28. Bxf7 Kxf7 29. Ke3 Bd7 30. Rc1 Rc8 31. Rxc8 Bxc8 32. exf6 gxf6 33. Kf4 Bd7 34. g5 hxg5+ 35. hxg5 Ba4 36. gxf6 Kxf6 37. Ne5 Be8 38. Ng4+ Ke7 39. Ke5 Bh5 40. Ne3 Bf3 41. Nf1 Be2 42. Nd2 Bd3 43. f4 Bc2 44. Nf1 Bg6 45. Ne3 Bf7 46. f5 exf5 47. Nxf5+ Kd7 48. Nd6 Bg8 49. Nxb7 Kc6 50. Nc5 Kb5 51. Ne6 a5 52. bxa5 Kxa5 53. Kxd5 Ka4 54. Ke5 Kxa3 55. d5 Bf7 56. Kf6 Be8 57. Ke7 Ba4 58. d6 Kb4 59. Kd8 Kc4 60. Kc7 Kd5 61. Nd8 Be8 62. Nb7 Bc6 63. Na5 Ba4 64. Nb3 Bc6 65. Nd4 Ba4 66. Ne2 Ke6 67. Nc3 Be8 68. Ne4 Bb5 69. Nc5+ Kd5 70. Nd7 Ke6 71. Nb8 Kd5 72. Na6 Ke6 73. Nb4 Be8 74. Nc6 Kd5 75. Ne7+ Ke6 76. Nc8 Bd7 77. Nb6 Bb5 78. Nc4 Bd7 79. Ne5 Bb5 80. Nc6 1-0